00663nam a22001937a 4500999001900000005001700019010001300036020002600049035001300075037000900088082000800097100002000105245003900125260004700164270006200211300002800273942002200301952014600323 c179558d17955820210622124456.0 aB-740262 a9780195699944c265.00 aB-740262 bGift a882 aKarnad, Girish  aWedding album /cby Girish Karnad  aNew Delhi bOxford University Press c2009 aYMCA Library Building, Jai Singh Road,bNew Delhie110001 axvii, 93p. c22cm(pbk)  2ddccENmKARh882 001040708NFICaMPbMPd2021-06-22eGift/Eng/02-06-2021g265.00l0o882 KARpB-740262r2021-06-22 00:00:00t1v265.00w2021-06-22yENzGIft